00585nam a2200169Ia 4500008004100000020001800041041000800059082001600067100002200083245004400105250000600149260006100155300001700216650003300233999001900266952013000285210716s2010 xx 000 0 und d a9780071067133 aeng a004.22 BART aBartee, Thomas C. aComputer architecture and logic design. a1 aNew DelhibTata McGraw Hill Publishing Company Ltdc2010 axii,628/1991 aComputer Arch., Org.(004.22) c187662d187662 001040708MCAaAIMITbAIMITeKnowledge Worldg360.00l0o004.22 BARTpMCA07170r2025-07-21 00:00:00v288.00w2021-07-16yBK